000 00847cam a2200277 i 4500
001 26277
003 Mx-PuUPA
005 20250220144345.0
008 140415s2019 ag gr 000 0 spa d
020 _a9789877321685
040 _aMx-PuUPA
_bspa
_cMx-PuUPA
_dMx-PuUPA
_erda
041 0 _aspa
100 1 _aSanguineti, Juan José,
_91444
_eautor
245 1 0 _aCuerpo, mente y ser personal /
_cJuan José Sanguineti
250 _a1a edición
264 1 _aArgentina :
_bEdiciones Logos,
_c2019
300 _a207 páginas ;
_c20 cm
336 _2rdacontent
_atexto
_btxt
337 _2rdamedia
_asin medio
_bn
338 _2rdacarrier
_avolumen
_bnc
490 0 _aColección De las ciencias a la filosofía ;
_v7
650 7 _2armarc
_aFilosofía
942 _2ddc
_cLI
_h190
_iS4
999 _c26277
_d26277